| 000 | 00657nam a2200241Ia 4500 | ||
|---|---|---|---|
| 003 | OSt | ||
| 005 | 20221005133644.0 | ||
| 006 | a|||||r|||| 00| 0 | ||
| 007 | ta | ||
| 008 | 221004b |||||||| |||| 00| 0 hin d | ||
| 024 | _a50358 | ||
| 037 | _cTextual | ||
| 040 |
_aCRL _cCRL _bhin |
||
| 041 |
_2hin _ahin |
||
| 082 | _aQ31:21114, 151M4 | ||
| 100 | _aतुलसी | ||
| 245 | 0 | _aसमवाओ, महाप्रज्ञ सम्पा | |
| 246 | _aSamavāo, mahāpragna sampā | ||
| 260 | _c1984 | ||
| 300 |
_a435चण् _ccm. |
||
| 942 |
_hQ31:21114, 151M4 _cTEXL _2cc |
||
| 999 |
_c1067454 _d1067454 |
||